[Event "Politiken Cup 2013"]
[Site "Helsingor DEN"]
[Date "2013.07.29"]
[Round "4.30"]
[White "Poulsen,I"]
[Black "Englert,F"]
[Result "0-1"]
[WhiteElo "2087"]
[BlackElo "2282"]

1.e4 c5 2.Nc3 a6 3.Nf3 e6 4.d4 cxd4 5.Nxd4 Qc7 6.f4 b5 7.Bd3 Bb7 8.Qe2 b4
9.Nd1 Nf6 10.e5 Nd5 11.Bd2 Qb6 12.c3 a5 13.Nc2 Bc5 14.c4 Ne7 15.Be3 Na6 16.O-O O-O
17.Nf2 Rfc8 18.Rae1 a4 19.Ne4 Bxe3+ 20.Qxe3 Qxe3+ 21.Nxe3 Nc5 22.Nxc5 Rxc5
23.b3 axb3 24.axb3 f5 25.Nc2 Ra2 26.Ra1 Rca5 27.Rfb1 g5 28.fxg5 Ng6 29.Rxa2 Rxa2
30.Ra1 Rb2 31.Ra4 Nxe5 32.Nxb4 Bxg2 33.Bc2 Be4 34.Bxe4 fxe4 35.Ra2 Rxb3 36.Nc2 Nxc4
37.Nd4 Rd3 38.Ne2 Rd2 39.Rxd2 Nxd2 40.Nd4 e5 41.Nf5 Nf3+ 42.Kf2 Nxg5 43.Ke3 Kf7
44.h4 Kf6 45.hxg5+ Kxf5  0-1

[Event "Sparkassen Open A 2013"]
[Site "Dortmund GER"]
[Date "2013.07.30"]
[Round "4.4"]
[White "Torres Kuckel,R"]
[Black "Koenig,Ch"]
[Result "1-0"]
[WhiteElo "2269"]
[BlackElo "2114"]

1.e4 c5 2.Nf3 e6 3.d4 cxd4 4.Nxd4 a6 5.Nc3 Qc7 6.Bd3 Nf6 7.Qe2 d6 8.O-O Be7
9.Kh1 b5 10.a3 Nbd7 11.f4 Bb7 12.Bd2 h5 13.Nf3 Rc8 14.Rae1 e5 15.a4 b4 16.Nd5 Bxd5
17.exd5 a5 18.fxe5 Nxd5 19.e6 Nc5 20.exf7+ Kd8 21.Nd4  1-0

[Event "Politiken Cup 2013"]
[Site "Helsingor DEN"]
[Date "2013.07.30"]
[Round "5.38"]
[White "Van Kampen,R"]
[Black "Garberg,Tore"]
[Result "1-0"]
[WhiteElo "2595"]
[BlackElo "1914"]

1.e4 c5 2.Nf3 e6 3.d4 cxd4 4.Nxd4 a6 5.Nc3 Nc6 6.Nxc6 bxc6 7.Bd3 d5 8.O-O Nf6
9.Qf3 Be7 10.Qg3 Nh5 11.Qf3 Nf6 12.e5 Nd7 13.Qg3 g6 14.Bh6 Rb8 15.b3 Qc7
16.Na4 c5 17.c4 d4 18.Rae1 Bb7 19.h4 Kd8 20.Qf4 f5 21.exf6 Bd6 22.Qg5 Ne5
23.Rxe5 Bxe5 24.f7+ Kd7 25.Re1 Bd6 26.Qg4 Qa5 27.Qxe6+ Kc7 28.Bf4  1-0

[Event "9th Ribeira Valley Open 2013"]
[Site "Registro BRA"]
[Date "2013.07.30"]
[Round "2.12"]
[White "Mendonca,M"]
[Black "Chang,S"]
[Result "1-0"]
[WhiteElo "2315"]
[BlackElo "1998"]

1.e4 c5 2.Nf3 e6 3.d4 cxd4 4.Nxd4 a6 5.Nc3 Qc7 6.Be2 Nf6 7.O-O Bb4 8.Qd3 Nc6
9.Nxc6 dxc6 10.Be3 b5 11.a4 O-O 12.axb5 Bxc3 13.Qxc3 Nxe4 14.Qxc6 Qxc6 15.bxc6  1-0

[Event "Politiken Cup 2013"]
[Site "Helsingor DEN"]
[Date "2013.07.31"]
[Round "6.59"]
[White "Haldorsen,Benjamin"]
[Black "Christensen,Janu"]
[Result "1-0"]
[WhiteElo "1983"]
[BlackElo "2156"]

1.e4 c5 2.Nf3 e6 3.Nc3 a6 4.d4 cxd4 5.Nxd4 Qc7 6.Bd3 Bb4 7.O-O Nf6 8.Bd2 O-O
9.Kh1 Bc5 10.Nb3 Ba7 11.f4 d6 12.Qf3 Nc6 13.Rae1 Bd7 14.Qg3 Nb4 15.f5 Nxd3
16.cxd3 exf5 17.Bg5 Ng4 18.exf5 Ne5 19.Rxe5 dxe5 20.Bf6 g6 21.Nd5 Qd6 22.Ne7+ Qxe7
23.Bxe7 Rfe8 24.fxg6 fxg6 25.Qxe5 Bf5 26.g4 Bxg4 27.Qd5+ Kg7 28.Qf7+ Kh6
29.Qf4+ Kg7 30.Bf6+  1-0

[Event "5th Rethymno Open"]
[Site "Rethymno GRE"]
[Date "2013.07.31"]
[Round "5.1"]
[White "Svetushkin,D"]
[Black "David,Alb"]
[Result "1-0"]
[WhiteElo "2603"]
[BlackElo "2589"]

1.e4 c5 2.Nf3 e6 3.d4 cxd4 4.Nxd4 a6 5.Nc3 Qc7 6.Bd3 Nf6 7.f4 d6 8.Qf3 b5
9.g4 Bb7 10.Be3 Nfd7 11.O-O-O Nc5 12.Kb1 Nbd7 13.g5 b4 14.Nce2 g6 15.h4 f5
16.gxf6 Nxf6 17.Ng3 Bg7 18.Nb3 Na4 19.Bd4 e5 20.fxe5 dxe5 21.Be3 O-O 22.Qe2 h5
23.Rhg1 Rac8 24.Rg2 Kh7 25.Rdg1 Ng4 26.Nf1 Rf6 27.Bg5 Rd6 28.Ne3 Nxe3 29.Bxe3 Qd7
30.Rxg6 Rxg6 31.Qxh5+  1-0

[Event "9th Tabor Open 2013"]
[Site "Tabor CZE"]
[Date "2013.07.31"]
[Round "5.15"]
[White "Zakoucka,A"]
[Black "Popelka,O"]
[Result "1-0"]
[WhiteElo "1994"]
[BlackElo "2094"]

1.e4 c5 2.Nc3 e6 3.Nf3 a6 4.d4 cxd4 5.Nxd4 Qc7 6.Bd3 Nf6 7.Qe2 Bb4 8.Bd2 Nc6
9.Nxc6 dxc6 10.e5 Nd7 11.f4 b5 12.Ne4 Be7 13.Qg4 Kf8 14.O-O c5 15.Nd6 Bxd6
16.exd6 Qxd6 17.Bc3 f6 18.Rad1 Qe7 19.Rfe1 Nb6 20.Qh3 b4 21.Bd2 Bd7 22.Bf5 Re8
23.Bxe6 Bxe6 24.f5 Qc7 25.fxe6 Ke7 26.Qg4 Kf8 27.Bf4 Qc6 28.Bd6+ Kg8 29.e7 g6
30.Qe6+ Kg7 31.Rf1 Nd7 32.Rfe1 a5 33.Rd2 c4 34.Rf2 Rhg8 35.Ref1 h5 36.Rf3 c3
37.b3 Rc8 38.Rxf6 Nxf6 39.Rxf6 Qe8 40.Rf8  1-0

[Event "Politiken Cup 2013"]
[Site "Helsingor DEN"]
[Date "2013.08.01"]
[Round "7.66"]
[White "Bruun,H"]
[Black "Tryggestad,Andreas Garberg"]
[Result "1-0"]
[WhiteElo "2078"]
[BlackElo "1774"]

1.e4 c5 2.Nf3 e6 3.d4 cxd4 4.Nxd4 a6 5.Nc3 Qc7 6.Be2 Nf6 7.O-O Nc6 8.Be3 Be7
9.f4 d6 10.Qe1 b5 11.Nxc6 Qxc6 12.Bf3 e5 13.Qg3 exf4 14.e5 Qc7 15.Qxg7 Bb7
16.exf6 Kd7 17.Qg4+ Ke8 18.Qxf4  1-0

[Event "7th Wasselonne Open"]
[Site "Wasselonne FRA"]
[Date "2013.08.01"]
[Round "2.4"]
[White "Genzling,A"]
[Black "Trouve,G"]
[Result "1-0"]
[WhiteElo "2396"]
[BlackElo "1908"]

1.e4 c5 2.Nf3 e6 3.d4 cxd4 4.Nxd4 a6 5.Nc3 Qc7 6.g3 Bb4 7.Ne2 Nf6 8.Bg2 Be7
9.O-O d6 10.Kh1 Nbd7 11.a4 Rb8 12.Be3 b6 13.f3 O-O 14.g4 g6 15.Ng3 Ne5 16.g5 Nfd7
17.f4 Nc4 18.Bc1 Re8 19.b3 Na5 20.Bb2 Bf8 21.Qd4 Bg7 22.Qxg7+ Kxg7 23.Nd5+ Kg8
24.Nxc7 Rd8 25.e5 d5 26.Ba3 Bb7 27.Be7 Rdc8 28.Bd6 Nc6 29.b4 Nd4 30.Rf2 Nf5
31.Nxf5 gxf5 32.b5  1-0

[Event "Politiken Cup 2013"]
[Site "Helsingor DEN"]
[Date "2013.08.02"]
[Round "8.25"]
[White "Tari,A"]
[Black "Evertsson,L"]
[Result "1-0"]
[WhiteElo "2383"]
[BlackElo "2200"]

1.e4 c5 2.Nf3 e6 3.d4 cxd4 4.Nxd4 a6 5.Nc3 Qc7 6.g3 Nf6 7.Bg2 b5 8.O-O Bb7
9.Re1 d6 10.a4 bxa4 11.Nd5 exd5 12.exd5+ Kd8 13.Bg5 Bc8 14.Rxa4 Be7 15.Bd2 a5
16.Qa1 Qc5 17.b4 Qc7 18.b5 Qc5 19.Rxa5 Rxa5 20.Qxa5+ Ke8 21.Bb4 Qxd4 22.Qc7 Be6
23.Qxb8+ Bd8 24.Qxd6  1-0

[Event "9th Ribeira Valley Open 2013"]
[Site "Registro BRA"]
[Date "2013.08.02"]
[Round "8.2"]
[White "Mekhitarian,K"]
[Black "Bachmann,Ax"]
[Result "1-0"]
[WhiteElo "2533"]
[BlackElo "2536"]

1.e4 c5 2.Nf3 e6 3.d4 cxd4 4.Nxd4 a6 5.Nc3 Qc7 6.Bd3 Nf6 7.O-O d6 8.Kh1 Nbd7
9.f4 b5 10.Qe2 Bb7 11.Bd2 Be7 12.b4 O-O 13.a4 bxa4 14.Rxa4 Nb6 15.Raa1 d5
16.e5 Ne4 17.Nxe4 dxe4 18.Bxe4 Bxe4 19.Qxe4 Qc4 20.c3 g6 21.Qc6 Rfb8 22.Qf3 Rc8
23.Nc2 Rd8 24.Be3 Rd3 25.Qb7 Rxc3 26.Bxb6 Re8 27.Ne3 Qxb4 28.Qxa6 Rc6 29.Rab1 Qe4
30.Qb7  1-0

[Event "Politiken Cup 2013"]
[Site "Helsingor DEN"]
[Date "2013.08.03"]
[Round "9.73"]
[White "Olsen,Mi"]
[Black "Lofgren,C"]
[Result "1-0"]
[WhiteElo "1959"]
[BlackElo "2127"]

1.e4 c5 2.Nf3 e6 3.d4 cxd4 4.Nxd4 a6 5.Nc3 Qc7 6.Bd3 Nf6 7.O-O Nc6 8.Be3 Be7
9.f4 d6 10.Nxc6 bxc6 11.Kh1 e5 12.h3 O-O 13.Na4 exf4 14.Bxf4 Nd7 15.Bc4 Ne5
16.Bxe5 dxe5 17.Qf3 Bg5 18.Nc5 Qe7 19.b4 a5 20.c3 Rb8 21.a3 g6 22.Nd3 Bd2
23.Nc5 Ra8 24.Nb3 Bf4 25.Nxa5 Qc7 26.Nb3 h5 27.Nc5 Kg7 28.Nd3 g5 29.Qxh5 Rh8
30.Nxf4 Rxh5 31.Nxh5+ Kh6 32.g4 f5 33.exf5 e4 34.f6 Bxg4 35.hxg4 Qe5 36.f7 Qxc3
37.Rf6+ Kh7 38.Ra2 Qxc4 39.Rh2 Rd8 40.f8=Q Rxf8 41.Rxf8 Qc1+ 42.Kg2 e3 43.Ng3+ Kg7
44.Rf1 Qxa3 45.Nf5+ Kg8 46.Ne7+ Kg7 47.Rh5 Qb2+ 48.Kg1 Qe5 49.Nf5+ Kg8 50.Rxg5+ Kh8
51.Rh5+  1-0

[Event "Arad Open 2013"]
[Site "Arad ROU"]
[Date "2013.08.04"]
[Round "2.20"]
[White "Marjanovics,Annamaria"]
[Black "Thesing,M"]
[Result "1/2-1/2"]
[WhiteElo "2000"]
[BlackElo "2383"]

1.e4 c5 2.Nf3 e6 3.d4 cxd4 4.Nxd4 a6 5.Nc3 Qc7 6.Bd3 Nf6 7.O-O Nc6 8.Be3 Ne5
9.Nf3 Nfg4 10.Nxe5 Nxe3 11.Qh5 g6 12.Qf3 Qxe5 13.fxe3 f6 14.Qxf6 Qxf6 15.Rxf6 Bg7
16.Rf3 b5 17.Rb1 Bb7 18.a3 Rc8 19.Ne2 Rc5 20.c3 Re5 21.Ng3 Rf8 22.Kf2 Ke7
23.Rxf8 Kxf8 24.Bc2 Bc6 25.Rd1 Ke7 26.Kf3 Rc5 27.Ra1 Rg5 28.a4 bxa4 29.Ra3 h5
30.Bxa4 Ra5 31.Bxc6 Rxa3 32.bxa3 dxc6 33.Ne2 g5 34.Nd4 Kd6 35.c4 Be5 36.Nb3 Bxh2
37.c5+ Ke5 38.Nd4 g4+ 39.Kf2 Kxe4 40.g3 Kd5 41.Kg2 Bxg3 42.Kxg3 e5 43.Nf5 Kxc5
44.Ng7 Kc4 45.Nxh5 Kb3 46.Kxg4 Kxa3 47.Kf5 Kb3 48.Kxe5 a5 49.Kd4 a4 50.Nf4 c5+  1/2-1/2

[Event "Politiken Cup 2013"]
[Site "Helsingor DEN"]
[Date "2013.08.04"]
[Round "10.85"]
[White "Lundberg,R"]
[Black "Molvig,Julius"]
[Result "1-0"]
[WhiteElo "1996"]
[BlackElo "1889"]

1.e4 c5 2.Nf3 e6 3.d4 cxd4 4.Nxd4 a6 5.Nc3 Qc7 6.g3 Nf6 7.Bg2 Nc6 8.Nb3 Be7
9.O-O O-O 10.a4 b6 11.f4 d6 12.g4 Bb7 13.g5 Nd7 14.Qh5 Rfd8 15.f5 exf5 16.exf5 Nce5
17.Bd5 Nf8 18.f6 gxf6 19.gxf6 Bxf6 20.Rxf6 Nfg6 21.Rf2 Re8 22.Bg5 Qc8 23.h3 Qd7
24.Ne4 Re6 25.Bxe6 Qxe6 26.Nf6+ Kf8 27.Nd4 Qc4 28.Nf5 Nf3+  1-0

[Event "Politiken Cup 2013"]
[Site "Helsingor DEN"]
[Date "2013.08.04"]
[Round "10.125"]
[White "Dyrhaug,Sverre S"]
[Black "Martinez Vestergard,Kristian"]
[Result "0-1"]
[WhiteElo "1577"]
[BlackElo "1809"]

1.e4 c5 2.Nf3 e6 3.d4 cxd4 4.Nxd4 a6 5.Nc3 Qc7 6.a3 Nf6 7.Bg5 Nxe4 8.Nxe4 Qe5
9.Qd3 d5 10.Nf3 Qxe4+ 11.Qxe4 dxe4 12.Nd2 f5 13.O-O-O Nc6 14.Be2 Be7 15.Bxe7 Kxe7
16.Nc4 Bd7 17.Rd6 Rad8 18.Rhd1 Bc8 19.f3 Rxd6 20.Nxd6 exf3 21.Bxf3 Rd8 22.c4 Rxd6  0-1

[Event "5th Rethymno Open"]
[Site "Rethymno GRE"]
[Date "2013.08.04"]
[Round "9.18"]
[White "Kalogridakis,Georgios"]
[Black "Naoum,S"]
[Result "1/2-1/2"]
[WhiteElo "2058"]
[BlackElo "2207"]

1.e4 c5 2.Nf3 e6 3.d4 cxd4 4.Nxd4 a6 5.Nc3 Qc7 6.Bd3 Bc5 7.Nb3 Be7 8.O-O d6
9.f4 Nd7 10.a4 b6 11.Qf3 Bb7 12.Qg3 g6  1/2-1/2

[Event "9th Tabor Open 2013"]
[Site "Tabor CZE"]
[Date "2013.08.04"]
[Round "9.28"]
[White "Miesbauer,Jan"]
[Black "Vesely,Vitek"]
[Result "1/2-1/2"]
[WhiteElo "1923"]
[BlackElo "1824"]

1.e4 c5 2.Nf3 e6 3.d4 cxd4 4.Nxd4 a6 5.Nc3 Qc7 6.Bd3 Nf6 7.a3 Nc6 8.Nb3 Ne5
9.Be2 b5 10.O-O Bb7 11.f3 d6  1/2-1/2

[Event "Arad Open 2013"]
[Site "Arad ROU"]
[Date "2013.08.05"]
[Round "4.11"]
[White "Horvat,Dan"]
[Black "Filip,L"]
[Result "1/2-1/2"]
[WhiteElo "2209"]
[BlackElo "2453"]

1.e4 c5 2.Nf3 e6 3.d4 cxd4 4.Nxd4 a6 5.Nc3 Qc7 6.Bd3 Nf6 7.f4 d6 8.Qf3 Nc6
9.Be3 Nb4 10.O-O-O Nxd3+ 11.cxd3 b5 12.Kb1 b4 13.Nce2 Qb7 14.g4 Nd7 15.Ng3 Be7
16.g5 g6 17.h4 Nc5 18.h5 Rf8 19.hxg6 hxg6 20.Qe2 e5 21.Nf3 exf4 22.Bxf4 Bg4
23.Rh4 Bxf3 24.Qxf3 Ne6 25.Qg4 b3 26.a3 Rc8 27.Rh2 Qb5 28.d4 d5 29.exd5 Qxd5
30.Rc1 Kd7 31.Re2  1/2-1/2

[Event "XX Feria de las Flores 2013"]
[Site "Medellin COL"]
[Date "2013.08.05"]
[Round "4.6"]
[White "Ruiz Sanchez,O"]
[Black "Saladen,R"]
[Result "1-0"]
[WhiteElo "2402"]
[BlackElo "2219"]

1.e4 c5 2.Nc3 e6 3.Nf3 a6 4.d4 cxd4 5.Nxd4 Qc7 6.Bd3 Nc6 7.Nxc6 bxc6 8.O-O Nf6
9.Qe2 e5 10.Kh1 Be7 11.f4 d6 12.Nd1 O-O 13.fxe5 dxe5 14.Ne3 g6 15.Nc4 Be6
16.Bg5 Kg7 17.Qf3 Ng4 18.Bd2 f5 19.exf5 gxf5 20.Nxe5 Nxe5 21.Qg3+ Kf7 22.Bxf5 Bf6
23.Bc3 Bd5 24.Bh3 Rae8 25.Rae1  1-0

[Event "Stockholm Open 2013"]
[Site "Stockholm SWE"]
[Date "2013.08.05"]
[Round "3.8"]
[White "Giraudi,Elio"]
[Black "Belokon,A"]
[Result "0-1"]
[WhiteElo "1823"]
[BlackElo "2083"]

1.e4 c5 2.Nf3 e6 3.d4 cxd4 4.Nxd4 a6 5.Nc3 Qc7 6.Be3 Nf6 7.Be2 Bb4 8.Bd2 Bxc3
9.Bxc3 Nxe4 10.Qd3 Nxc3 11.bxc3 Nc6 12.O-O O-O 13.Qh3 Qe5 14.Bd3 g6 15.Rae1 Qf6
16.Re4 d5 17.Rh4 e5 18.Nf5 Bxf5 19.Bxf5 Qxf5 20.Rxh7 Qxh3  0-1

[Event "FSFMB August 2013"]
[Site "Budapest HUN"]
[Date "2013.08.07"]
[Round "5.2"]
[White "Bakos,Viktor"]
[Black "Hoac,Edvin"]
[Result "0-1"]
[WhiteElo "1580"]
[BlackElo "1603"]

1.e4 c5 2.Nf3 e6 3.d4 cxd4 4.Nxd4 a6 5.Nc3 Qc7 6.a3 Nf6 7.Be2 b5 8.Be3 Bb7
9.f3 b4 10.axb4 Bxb4 11.Bd2 O-O 12.Nb3 Nc6 13.O-O Rfd8 14.Qc1 d5 15.exd5 Nxd5
16.Nxd5 Rxd5 17.Bxb4 Nxb4 18.c3 Nc6 19.Kh1 Qb6 20.Bd1 Ne5 21.Bc2 Nc4 22.Re1 Rb5
23.Ra4 Bd5 24.Re2 Nxb2 25.Qxb2 Bxb3 26.Bxb3 Rxb3 27.Qd2 Rd8 28.Rd4 Rb1+ 29.Re1 Rxd4
30.cxd4 Rxe1+ 31.Qxe1 Qxd4 32.h3 h6 33.Qa5 Qd3 34.Qc7 Qb5 35.Qc8+ Kh7 36.Qc2+ Qf5
37.Qa4 a5 38.Kh2 g5 39.Kg1 Qc5+ 40.Kh2 Qb4 41.Qc2+ Kg7 42.Qe2 a4 43.Qe5+ Kh7
44.Qe2 a3 45.Qd3+ Kg7 46.Kh1 Qb2  0-1

[Event "XI Miguel Najdorf Open A 2013"]
[Site "Warsaw POL"]
[Date "2013.08.07"]
[Round "3.12"]
[White "Spicak,K"]
[Black "Iwanow,A"]
[Result "1/2-1/2"]
[WhiteElo "1962"]
[BlackElo "2230"]

1.e4 c5 2.Nf3 e6 3.d4 cxd4 4.Nxd4 a6 5.Nc3 Qc7 6.a4 Nf6 7.Bd3 Bc5 8.Nb3 Be7
9.O-O d6 10.a5 Nc6 11.Be3 h5 12.Bb6 Qb8 13.f4 Bd7 14.Bc4 O-O 15.Be2 g6 16.h3 Kg7
17.Nd4 h4 18.Qe1 Rh8 19.Bf3 Nxd4 20.Bxd4 e5 21.fxe5 dxe5 22.Bf2 Qc8 23.Qe3 Qc4
24.b3 Qe6 25.Nd5 Rac8 26.c4 Bc5 27.Qd2 Bxf2+ 28.Rxf2 Nxd5 29.Bg4 Qe7 30.Bxd7 Qxd7
31.Rd1 Rhd8 32.exd5 f5 33.Qg5 Rc5 34.Rxf5 Qxf5 35.Qxd8 Rc8 36.Qe7+ Kh6 37.Rf1 Qe4
38.Qxb7 Qe3+ 39.Kh1 Qe2 40.Rf3 e4 41.Qxc8 Qe1+ 42.Kh2 exf3 43.Qf8+ Kg5 44.Qxf3 Qe5+
45.Kg1 Qd4+ 46.Kf1 Qa1+ 47.Ke2 Qb2+ 48.Kf1 Qa1+  1/2-1/2

[Event "Arad Open 2013"]
[Site "Arad ROU"]
[Date "2013.08.08"]
[Round "8.6"]
[White "Doros,R"]
[Black "Filip,L"]
[Result "1/2-1/2"]
[WhiteElo "2307"]
[BlackElo "2453"]

1.e4 c5 2.Nf3 e6 3.d4 cxd4 4.Nxd4 a6 5.Nc3 Qc7 6.Bd3 Nf6 7.f4 d6 8.Qf3 b5
9.g4 b4 10.Nce2 d5 11.e5 Ne4 12.Ng3 Nc5 13.Be3 Nc6 14.O-O Bb7 15.Qf2 Be7
16.Nxc6 Qxc6 17.Bd4 Ne4 18.Qe3 O-O 19.Rae1 Rac8 20.Re2 a5 21.Rc1  1/2-1/2

[Event "16th Olomouc Open"]
[Site "Olomouc CZE"]
[Date "2013.08.08"]
[Round "9.20"]
[White "Ageichenko,G"]
[Black "Stachon,Martin"]
[Result "1-0"]
[WhiteElo "2302"]
[BlackElo "2116"]

1.e4 c5 2.Nf3 e6 3.d4 cxd4 4.Nxd4 a6 5.Nc3 Qc7 6.Be2 b5 7.Bf3 Bb7 8.O-O Nc6
9.Nxc6 Bxc6 10.Re1 Bd6 11.Nd5 exd5 12.exd5+ Ne7 13.dxc6 dxc6 14.g3 O-O 15.c3 Ng6
16.a4 Ne5 17.Bg2 Nc4 18.Qf3 Rfe8 19.Re4 Rab8 20.axb5 axb5 21.Qe2 Qd7 22.b3 Rxe4
23.Bxe4 Ne5 24.Bf4 f5 25.Rd1 Re8 26.Bxf5 Qxf5 27.Rxd6 g5 28.Bxe5 Rxe5 29.Qd1 Re6
30.Rd8+ Kg7 31.Qd4+ Kh6 32.h4 g4 33.Rd7 Qg6 34.Qf4+ Kh5 35.Rxh7+  1-0

[Event "XI Miguel Najdorf Open A 2013"]
[Site "Warsaw POL"]
[Date "2013.08.08"]
[Round "4.5"]
[White "Jakubowski,K"]
[Black "Adamski,J"]
[Result "1-0"]
[WhiteElo "2507"]
[BlackElo "2307"]

1.e4 c5 2.Nf3 e6 3.d4 cxd4 4.Nxd4 a6 5.Nc3 Qc7 6.Bd3 Nf6 7.O-O d6 8.a4 b6
9.f4 Bb7 10.Kh1 Nbd7 11.Qe1 g6 12.e5 dxe5 13.fxe5 Ng4 14.Be4 Ngxe5 15.Bf4 Bxe4
16.Qxe4 Rc8 17.Rad1 Bg7 18.Nf3 Qc4 19.Nxe5 Nxe5 20.Bxe5 Qxe4 21.Bxg7 Qc6
22.Bxh8 f5 23.Rd2 Rd8 24.Re2 Kf7 25.Be5 g5 26.Rfe1 h5 27.Nd1 Qxa4 28.Nf2 Qb5
29.Bc3 Rd6 30.Nh3 Rd1 31.Nxg5+ Kg6 32.Rxe6+ Kxg5 33.Rxd1  1-0

[Event "FSGM August 2013"]
[Site "Budapest HUN"]
[Date "2013.08.09"]
[Round "6.1"]
[White "Tesik,C"]
[Black "Jia,H"]
[Result "1/2-1/2"]
[WhiteElo "2353"]
[BlackElo "2363"]

1.e4 c5 2.Nf3 e6 3.d4 cxd4 4.Nxd4 a6 5.Nc3 Qc7 6.Bd3 Nc6 7.Nxc6 bxc6 8.O-O Nf6
9.f4 d5 10.Qe2 Be7 11.e5 Nd7 12.Na4 c5 13.c4 d4 14.Bd2 Bb7 15.b3 g6 16.Be4 O-O
17.Ba5 Qc8 18.Nb2 Bd8 19.Bxd8 Rxd8 20.g4 Bxe4 21.Qxe4 f5 22.exf6 Nxf6 23.Qf3 e5
24.fxe5 Nxg4 25.Nd3 Ra7 26.Rae1 Ne3 27.Rf2 Re7 28.Ree2 a5 29.Qe4 Rde8 30.Rf6 Qh3
31.Qf3 Qxf3 32.Rxf3 Ng4 33.e6 Rxe6 34.Rxe6 Rxe6 35.Rf4 h5 36.h3 Ne5 37.Nxc5 Rc6
38.Ne4 Kg7 39.Kf1 Nd3 40.Rf3 Nb4 41.a3 Nc2 42.Ng5 Ne3+ 43.Ke2 Nf5 44.Kd3 Kf6
45.Ne4+ Ke5 46.Rf1 a4 47.bxa4 Ra6 48.Nd2 Rxa4 49.Nf3+ Kd6 50.Nxd4 Rxa3+ 51.Ke4 Ng3+
52.Kf4 Rd3 53.Rf3 Rd1 54.Kxg3  1/2-1/2

[Event "22nd ZMDI Open 2013"]
[Site "Dresden GER"]
[Date "2013.08.10"]
[Round "1.44"]
[White "Sobolevsky,L"]
[Black "Linnemann,Niklas"]
[Result "1-0"]
[WhiteElo "2182"]
[BlackElo "1948"]

1.e4 c5 2.Nf3 e6 3.d4 cxd4 4.Nxd4 a6 5.Nc3 Qc7 6.Bd3 b5 7.O-O Bb7 8.Re1 Nf6
9.e5 Nd5 10.Nxd5 Bxd5 11.a4 b4 12.Qg4 Nc6 13.Nxc6 dxc6 14.h4 h5 15.Qe2 a5
16.c4 bxc3 17.bxc3 c5 18.Bb5+ Bc6 19.Bg5 Be7 20.Bxe7 Bxb5 21.axb5 Qxe7 22.Ra4 g6
23.Rea1 Qc7 24.Qf3 O-O 25.Qf6 c4 26.g4 Kh7 27.Kh2 hxg4 28.Rg1 Qd8 29.Rxc4 Qxf6
30.exf6 Rfb8 31.Rd1 a4 32.Rb4 Rc8 33.c4 Rc5 34.Ra1 a3 35.b6 a2 36.b7 Rb8
37.Rxa2 Rc7 38.Ra7 g5 39.h5 g3+ 40.Kxg3 g4 41.c5  1-0

[Event "Geraardsbergen Open 2013"]
[Site "Geraardsbergen BEL"]
[Date "2013.08.10"]
[Round "1.6"]
[White "Thienpondt,Mardoek"]
[Black "Wiley,To"]
[Result "0-1"]
[WhiteElo "1755"]
[BlackElo "2258"]

1.e4 c5 2.Nf3 e6 3.d4 cxd4 4.Nxd4 a6 5.Nc3 Qc7 6.Be3 Nf6 7.Be2 b5 8.a3 Bb7
9.f3 d6 10.Qd2 Be7 11.Rd1 O-O 12.O-O Nc6 13.Rfe1 Rfd8 14.Bf1 Ne5 15.Bf2 Rac8
16.Nb3 d5 17.exd5 Nxd5 18.Bd4 Nc6 19.Kh1 Nxd4 20.Nxd4 Nxc3 21.bxc3 Bxa3 22.Qe3 Bb2
23.Nxe6 fxe6 24.Qxe6+ Qf7  0-1

[Event "22nd Kavala Open 2013"]
[Site "Kavala GRE"]
[Date "2013.08.10"]
[Round "6.20"]
[White "Phadke,So1"]
[Black "Kazakos,E"]
[Result "1/2-1/2"]
[WhiteElo "2211"]
[BlackElo "2137"]

1.e4 c5 2.Nf3 e6 3.d4 cxd4 4.Nxd4 a6 5.Nc3 Qc7 6.Bd3 Nf6 7.f4 d6 8.a4 b6
9.O-O Be7 10.Kh1 Nbd7 11.Qe2 Bb7 12.Bd2 Nc5 13.b4 Nxd3 14.cxd3 O-O 15.Rf3 g6
16.Rh3 Rfe8 17.Rf1 Bf8 18.e5 Nd7 19.Nf3 Bg7 20.d4 h6 21.Nh4 Rac8 22.f5 exf5
23.Nxf5 gxf5 24.Bxh6 Bxh6 25.Qh5 Bg7 26.Qh7+ Kf8 27.Rg3 Bxe5 28.dxe5 Nxe5
29.Rxf5 Ke7 30.Rxe5+ dxe5 31.Qh4+ Ke6 32.Qg4+ Kd6 33.Rd3+ Ke7 34.Qg5+ Ke6
35.Qg4+ Kf6 36.Qh4+ Ke6 37.Qg4+ Ke7 38.Qg5+  1/2-1/2

[Event "XXIV Jozefa Kochana Mem"]
[Site "Koszalin POL"]
[Date "2013.08.10"]
[Round "1.4"]
[White "Kubiak,Jakub"]
[Black "Voloshin,L"]
[Result "0-1"]
[WhiteElo "1531"]
[BlackElo "2420"]

1.e4 c5 2.Nf3 e6 3.Nc3 a6 4.d4 cxd4 5.Nxd4 b5 6.a3 Bb7 7.f3 Qc7 8.Be3 Nf6
9.Be2 Be7 10.O-O O-O 11.Qd2 d6 12.Rfd1 Nc6 13.Nxc6 Bxc6 14.Bd3 Rfe8 15.Qf2 e5
16.Rd2 Qb7 17.Rad1 a5 18.Nd5 Bxd5 19.exd5 g6 20.Qe2 Rab8 21.c4 e4 22.fxe4 bxc4
23.Bb1 Bd8 24.Qxc4 Bb6 25.Bxb6 Qxb6+ 26.Kh1 Ng4 27.Qe2 Ne5 28.Qf2 Nc4 29.Rf1 Qxf2
30.Rdxf2 Rxb2 31.Rxb2 Nxb2 32.h3 Na4 33.Bc2 Nc3 34.Rf4 Kg7 35.h4 h6 36.Rg4 Ne2
37.h5 g5 38.Bd3 Nf4 39.Bc2 Nxh5 40.Kg1 Nf4 41.Kf2 Rc8 42.Bd1 Rc3 43.Rg3 Rxg3
44.Kxg3 Kf6 45.Kf3 Ke5 46.g3 Nd3 47.Ke3 Nc5 48.Bc2 h5 49.Bb1 h4  0-1

[Event "Stare Mesto Open 2013"]
[Site "Stare Mesto CZE"]
[Date "2013.08.11"]
[Round "4.5"]
[White "Dobes,V"]
[Black "Jurcik,Mart"]
[Result "1/2-1/2"]
[WhiteElo "2105"]
[BlackElo "2347"]

1.e4 c5 2.Nf3 e6 3.d4 cxd4 4.Nxd4 a6 5.Nc3 Qc7 6.Bd3 Nf6 7.O-O Nc6 8.Nxc6 bxc6
9.f4 d6 10.Kh1 Be7 11.b3 Nd7 12.Bb2 Bf6 13.Qe2 Bb7 14.Rae1 O-O 15.e5 dxe5
16.Ne4 Be7 17.Ng5 g6 18.Qg4 Bxg5 19.fxg5 c5 20.Re3  1/2-1/2

[Event "XI Miguel Najdorf Open A 2013"]
[Site "Warsaw POL"]
[Date "2013.08.12"]
[Round "8.7"]
[White "Goslawski,M"]
[Black "Stachowiak,K"]
[Result "1-0"]
[WhiteElo "2118"]
[BlackElo "2470"]

1.e4 c5 2.Nf3 e6 3.d4 cxd4 4.Nxd4 a6 5.Nc3 b5 6.Bd3 Qb6 7.Nf3 Qc7 8.O-O Bb7
9.Bd2 Nf6 10.Re1 Be7 11.a4 b4 12.Na2 Nc6 13.c3 bxc3 14.Bxc3 a5 15.Rc1 Qb8
16.Bb5 O-O 17.Qe2 Rc8 18.Red1 d5 19.exd5 Nxd5 20.Rxd5 exd5 21.Bxc6 Bxc6 22.Qxe7 d4
23.Nxd4 Bd5 24.Qg5 Qb7 25.Nc6 f6 26.Qxd5+ Kh8 27.Ncb4 Qe7 28.Nc2 Rd8 29.Qf3 Qe6
30.Ra1 Qb3 31.Nd4 Qxa4 32.Qc6  1-0

[Event "XXIV Jozefa Kochana Mem"]
[Site "Koszalin POL"]
[Date "2013.08.13"]
[Round "5.7"]
[White "Kubiak,Jakub"]
[Black "Karwowski,K"]
[Result "0-1"]
[WhiteElo "1531"]
[BlackElo "1904"]

1.e4 c5 2.Nf3 e6 3.Nc3 a6 4.d4 cxd4 5.Nxd4 Nc6 6.Be3 Qc7 7.Bd3 Nf6 8.O-O Ne5
9.f3 Bb4 10.Nce2 d5 11.Ng3 Bd6 12.f4 Neg4 13.Bc1 e5 14.fxe5 Bxe5 15.Ndf5 Qb6+
16.Kh1 g6 17.Nh4 Bxg3 18.hxg3 Nf2+ 19.Rxf2 Qxf2 20.exd5 O-O 21.Bh6 Qxg3 22.Qe1 Qxe1+
23.Rxe1 Re8 24.Rxe8+ Nxe8 25.c4 Nf6 26.g3 Ng4  0-1

[Event "Stare Mesto Open 2013"]
[Site "Stare Mesto CZE"]
[Date "2013.08.13"]
[Round "6.3"]
[White "Jasny,Stanislav2"]
[Black "Jurcik,Mari"]
[Result "0-1"]
[WhiteElo "1806"]
[BlackElo "2488"]

1.e4 c5 2.Nf3 e6 3.d4 cxd4 4.Nxd4 a6 5.Nc3 Qc7 6.Be2 b5 7.O-O Bb7 8.Re1 Nc6
9.Nxc6 Bxc6 10.Bf3 Bd6 11.Nd5 Bxd5 12.exd5 e5 13.c3 Ne7 14.a4 O-O 15.g3 Rab8
16.axb5 axb5 17.Bg2 f5 18.Bg5 Ng6 19.Qh5 b4 20.Bd2 Bc5 21.cxb4 Bxb4 22.Bxb4 Rxb4
23.Bh3 Ne7 24.Rad1 Rxb2 25.d6 Qc5 26.Rf1 g6 27.Qg5 Nc6 28.Bg2 Nd4 29.Qe7 Rf7
30.Qd8+ Kg7 31.Qc7 Qxc7 32.dxc7 Rc2 33.Rfe1 d6 34.f4 Kf6 35.g4 fxg4 36.fxe5+ dxe5
37.Rf1+ Kg7 38.Rxf7+ Kxf7 39.Re1 Kf6 40.Rf1+ Ke7  0-1

[Event "6th Maria Albulet"]
[Site "Braila ROU"]
[Date "2013.08.14"]
[Round "6.3"]
[White "Sandu,Mi"]
[Black "Makropoulou,M"]
[Result "1-0"]
[WhiteElo "2254"]
[BlackElo "2244"]

1.e4 c5 2.Nf3 e6 3.d4 cxd4 4.Nxd4 a6 5.Nc3 b5 6.Bd3 Bb7 7.O-O Nc6 8.Nxc6 Bxc6
9.Re1 Bc5 10.Be3 d6 11.Bxc5 dxc5 12.e5 Ne7 13.Qg4 Qc7 14.Re3 h5 15.Qg5 O-O-O
16.a4 c4 17.Bf1 Nf5 18.axb5 axb5 19.Ree1 Rd4 20.Nxb5 Bxb5 21.Ra8+ Kb7 22.Rxh8 h4
23.b3 Qa5 24.Qc1 Kc7 25.bxc4 Bxc4 26.Qb1 Qa7 27.Rf8 Nh6 28.Bxc4 Rxc4 29.Qb3 Rc5
30.Qb4  1-0

[Event "22nd ZMDI Open 2013"]
[Site "Dresden GER"]
[Date "2013.08.14"]
[Round "5.8"]
[White "Dann,M"]
[Black "Maiwald,JU"]
[Result "1-0"]
[WhiteElo "2434"]
[BlackElo "2468"]

1.e4 c5 2.Nf3 e6 3.d4 cxd4 4.Nxd4 a6 5.Nc3 Qc7 6.Bd3 Nc6 7.Nxc6 dxc6 8.O-O e5
9.f4 Nf6 10.Kh1 Bd6 11.f5 b5 12.Bg5 Bb7 13.a4 Be7 14.Qf3 Rd8 15.b3 h5 16.Nd1 Ng4
17.Bd2 Bc5 18.Ne3 Nf6 19.Qg3 Kf8 20.Qh4 Rd4 21.Rae1 Nxe4 22.Bxe4 Rxd2 23.f6 g6
24.Qg5 Bb4 25.Nf5 h4 26.Nxh4 Rf2 27.Nf3 Bxe1 28.Rxe1 Qa5 29.Qe3 Rxf3 30.Bxf3 bxa4
31.bxa4 Rh4 32.h3 Rxa4 33.c3 Ra1 34.Rxa1 Qxa1+ 35.Kh2 Qa5 36.Qh6+ Ke8 37.Bg4  1-0